000 01554nam0a2200349 4500
001 RU\NLR\BIBL_A\012421923
005 20201229133218.0
010 _a978-5-699-86399-0
_97000
021 _aRU
_bКН-П-19-042643
_9КН-П-19-1952
035 _a(NLR Aleph) 012421923
035 _a(RuMoRGB)010183822
090 _a11831058
_c11831058
100 _a20201216d2020 u y0rusy50 ca
101 1 _arus
_ceng
102 _aRU
105 _aa|||z|||001zy
181 0 _ai
_baxxe
182 0 _an
200 1 _aЯпонская революция по уходу за кожей
_eсовершенная кожа в любом возрасте
_eсекреты от бьюти-консультанта №1 в Японии
_fЧизу Саеки
_g[пер. с англ.: Иван Чорный
_gЖурнал Домашний очаг]
203 _aТекст
_bвизуальный
_cнепосредственный
210 _aМосква
_cЭксмо
_d2020
215 _a127 с.
_cил., цв. ил.
_d24
225 1 _aАкадемия женского здоровья
320 _aАлф. указ.: с. 125-127
333 _a12+
606 1 _aЛицо
_jПопулярные издания
_xУход
_92281061
_3RU\NLR\AUTH\661366647
686 1 _aР120.41я9
700 1 _7ca
_8rus
_aСаеки
_bЧ.
_f1943-
_gЧизу
_9224806
_3RU\NLR\AUTH\770224862
942 _cBOOK
980 _aNB